| 000 | 00545nam a2200169 i 4500 | ||
|---|---|---|---|
| 001 | 46269 | ||
| 003 | ES-MaACL | ||
| 005 | 20230906161344.0 | ||
| 007 | t| | ||
| 008 | 030328s1938 fr ||||1| fre d | ||
| 100 | 1 |
_aCombes, Raoul. _939973 |
|
| 245 | 1 | 3 |
_aLa vie de la cellule vegetal _b: les enclaves de la materie vivante / _cpar Raoul Combes. |
| 250 | _a2éme ed., revue et corrigeé. | ||
| 260 |
_aParis : _bArmand Colin, _c1938 ( _eOrleans : _fImp. Nouvelle) |
||
| 300 |
_a204 p. : _bil. ; _c18 cm. |
||
| 852 |
_aES-MaACL _jF-15390 _bR.19276 |
||
| 999 |
_c46269 _d46269 |
||